RAIRO Automatique, Systems analysis and control.

Bibliographic Details
New Title:RAIRO, Automatique - productique informatique industrielle = Automatic control production systems
Previous Title:Revue francaise d'automatique, informatique, recherche operationnelle
Corporate Author: Association française pour la cybernétique économique et technique
Format: Serial
Language:French
Language Notes:Summaries in English.
Published: [Paris] : Dunod, 1977-1984.
Subjects:
Online Availability: Check for online availability

MARC

Tag First Indicator Second Indicator Subfields
LEADER 00000cas a2200000 4500
001 in00000091894
005 20151008064045.0
008 770901d19771984fr qrz 0uuub0fre d
010 |a  77642631  
012 |a 4  |b 3 
022 |a 0399-0524  |9 0035-3035 
030 |a RFAADN 
035 |a (OCoLC)03233957 
035 |9 AAK3442AM 
037 |b Central des revues Dunod-Gauthier-Villars, B.P. 119, 93104 Montreuil Cedex (France) 
040 |a COO  |c COO  |d HUL  |d DLC  |d m.c.  |d NST  |d DLC  |d NST  |d NSD  |d AIP  |d NSD  |d AIP  |d DLC  |d NST  |d TXA  |d UtOrBLW 
041 0 |a fre  |b eng 
042 |a lc  |a nsdp 
049 |a TXAE 
050 0 0 |a QA267.5.S4  |b R43 
082 0 |a 003/.05 
210 0 |a RAIRO, Autom. 
222 0 |a RAIRO: Automatique 
245 0 0 |a RAIRO Automatique, Systems analysis and control. 
246 3 |a Revue francaise d'automatique, d'informatique, et de recherche operationnelle: Automatique 
264 1 |a [Paris] :  |b Dunod,  |c 1977-1984. 
300 |a 8 volumes :  |b illustrations ;  |c 24 cm. 
310 |a Quarterly 
336 |a text  |b txt  |2 rdacontent 
337 |a unmediated  |b n  |2 rdamedia 
338 |a volume  |b nc  |2 rdacarrier 
362 0 |a v. 11, no. 1-v. 18, no. 4 ; 1977-1984. 
546 |a Summaries in English. 
550 |a Issued by the Association francaise pour la cybernetique economique et technique. 
650 0 |a System analysis  |v Periodicals. 
650 0 |a Control theory  |v Periodicals. 
650 0 |a Automatic control  |v Periodicals. 
710 2 |a Association française pour la cybernétique économique et technique. 
780 0 0 |t Revue francaise d'automatique, informatique, recherche operationnelle 
785 0 0 |t RAIRO, Automatique - productique informatique industrielle = Automatic control production systems 
999 |a MARS 
999 f f |s b4c1c619-e665-3edb-9607-3c98a0918e08  |i 1ba8dce9-6568-3383-9aa9-d8eb95649d53  |t 0 
952 f f |p ric  |a Texas A&M University  |b Rellis Campus  |c Joint Library Facility  |d Remote Storage  |t 0  |e QA267.5.S4 R43  |h Library of Congress classification  |i unmediated -- volume  |k v.13  |l 1979  |m A14821567006 
952 f f |p ric  |a Texas A&M University  |b Rellis Campus  |c Joint Library Facility  |d Remote Storage  |t 0  |e QA267.5.S4 R43  |h Library of Congress classification  |i unmediated -- volume  |k v.11  |l 1977  |m A14821566806 
952 f f |p ric  |a Texas A&M University  |b Rellis Campus  |c Joint Library Facility  |d Remote Storage  |t 0  |e QA267.5.S4 R43  |h Library of Congress classification  |i unmediated -- volume  |k v.18  |l 1984  |m A14821566165 
952 f f |p ric  |a Texas A&M University  |b Rellis Campus  |c Joint Library Facility  |d Remote Storage  |t 0  |e QA267.5.S4 R43  |h Library of Congress classification  |i unmediated -- volume  |k v.16-17  |l 1982-1983  |m A14821567056 
952 f f |p ric  |a Texas A&M University  |b Rellis Campus  |c Joint Library Facility  |d Remote Storage  |t 0  |e QA267.5.S4 R43  |h Library of Congress classification  |i unmediated -- volume  |k v.14-15  |l 1980-1981  |m A14821566953 
952 f f |p ric  |a Texas A&M University  |b Rellis Campus  |c Joint Library Facility  |d Remote Storage  |t 0  |e QA267.5.S4 R43  |h Library of Congress classification  |i unmediated -- volume  |k v.12  |l 1978  |m A14821566602 
998 f f |a QA267.5.S4 R43  |s v.11-18 (1977-1984)  |t 0  |l Remote Storage